Projektové vyučovanie v chémii s využitím IKT

Bibliographic Details
Main Authors: Sudolská, Miloslava (Author), Daxnerová, Oľga, 1955- (Author)
Format: Article
Language:Slovak
PhysicalDescription:Obr., tab.
ISSN:1335-003X
Subjects:

MARC

LEADER 00000nab a2200000 a 4500
001 vtls008770525
003 SK-MaSNL
005 20260304180232.0
008 250505c2006 xo mr|p|||an |000 b|slo
015 |a SNBRB2006/06 
035 |a (uuid)7ed5a330-9c38-4842-b127-6ed40b5bb364 
035 |a urn:nbn:sk:snk-ab9tbi 
035 |a (urnnbn)urn:nbn:sk:snk:ar-a08s4f 
038 |a SPK 
040 |a SNKBUCL  |b slo  |c SNKBUCL  |e AACR2 
041 0 |a slo  |b eng  |b slo 
044 |a xo  |c SK 
080 |a 372.854  |2 1997 
080 |a 004  |2 1997 
080 |a 71.314.6  |2 1997 
100 1 |a Sudolská, Miloslava  |4 aut  |9 12956 
245 1 0 |a Projektové vyučovanie v chémii s využitím IKT  |c Miloslava Sudolská, Oľga Daxnerová 
246 3 1 |a Project education in chemistry with IKT 
300 |b Obr., tab. 
504 |a Bibliogr. odkazy 
546 |a Res. angl., slov. 
546 |a Súbežný názov v angličtine 
650 0 7 |a chémia  |2 spk  |9 749 
650 0 7 |a informačné technológie  |2 spk  |9 1527 
650 0 7 |a projektové vyučovanie  |2 spk  |9 4053 
700 1 |a Daxnerová, Oľga,  |d 1955-  |4 aut  |9 18986 
773 0 |t Technológia vzdelávania  |g Roč. XIV., č. 2(2006)  |g Č. 2 (2006), s. 12-14  |x 1335-003X 
773 0 |t Slovenský učiteľ  |g Roč. XIV., č. 2(2006)  |g Č. 2 (2006), s. 12-14  |x 1335-003X 
850 |a Slovenská národná knižnica 
852 |a Slovenská národná knižnica 
954 |a odborná, vedecká literatúra pôvodná (slovenská)  |2 lita 
958 |a article13 
958 |a NB  |2 spk 
958 |a OND 
958 |a EUIPO 
999 |c 3017113  |d 3019043